• 首页
  • 本馆介绍
  • 公告通知
  • 最新文献
  • 馆藏检索
  • 电子资源
  • 读者导购
  • 参考咨询
  • 我的图书馆
  • 登录
  • 详细信息显示
  • 放入我的书架
  • 预约/预借图书
  • 作者相关作品
  • 分类相关作品
  • 丛书相关作品
  • 出版社相关作品

书目信息

  • 表格格式
  • 工作单格式
  • 卡片格式
题名:
差距在哪里
    
 
作者: 杨澜 主编 ;李晋西 编译
分册:  
出版信息: 北京   蓝天出版社  2005
页数: 355页
开本: 23cm
丛书名:
单 册:
中图分类: K812.5
科图分类:
主题词: 名人--生平事迹--世界 , 名人 , 传记
电子资源:
ISBN: 7-80158-572-0
000 00982nam0 2200277 450
001 1262297875
005 20121006171930.29
010    @a7-80158-572-0@dCNY32.80
100    @a20050221d2005 em y0chiy50 ea
101 0  @achi
102    @aCN@b110000
105    @aa z 000yd
200 1  @a差距在哪里@Acha ju zai na li@e全球财富精英的传奇历程@f杨澜主编@g李晋西等编译
210    @a北京@c蓝天出版社@d2005
215    @a355页@c照片@d23cm
300    @a阳光文化
330    @a本书是一部以图文结合形式全景展现三十几位世界精英和伟人传奇人生的著作,从科技天才到管理精英,从文艺明星到设计大师,从商业巨子到政界伟人,诠释了他们不同的人生轨迹。
517 1  @a全球财富精英的传奇历程@Aquan qiu cai fu jing ying de chuan qi li cheng
606 0  @a名人@x生平事迹@y世界
606 0  @a名人
606 0  @a传记
690    @aK812.5@v4
701  0 @a杨澜@Ayang lan@f(1968~)@4主编
702  0 @a李晋西@Ali jin xi@c(女,@f1959~)@4编译
801  0 @aCN@bNLC@c20101222
905    @a10447@dK812.5@eJY73
    
    差距在哪里:全球财富精英的传奇历程/杨澜主编/李晋西等编译.-北京:蓝天出版社,2005
    355页:照片;23cm
    阳光文化
    
    ISBN 7-80158-572-0:CNY32.80
    本书是一部以图文结合形式全景展现三十几位世界精英和伟人传奇人生的著作,从科技天才到管理精英,从文艺明星到设计大师,从商业巨子到政界伟人,诠释了他们不同的人生轨迹。
●
相关链接 在E读中查询图书 在五车中查询图书 在当当中查询图书 在豆瓣中查询图书


正题名:差距在哪里     索取号:K812.5/JY73         预约/预借

序号 登录号 条形码 馆藏地/架位号 状态 备注
1 7832424   278324243   学院路分馆/ [索取号:K812.5/JY73] 在馆    
2 7832425   278324252   学院路分馆/ [索取号:K812.5/JY73] 在馆    
唐山师范学院图书馆 欢迎您!
大连网信软件有限公司© 版权所有